Hawaii: The past, present, and future of its island kingdom. An historical account of the Sandwich Islands, Polynesia, with a preface by the Bishop of Oxford
Guardat en:
| Autor principal: | |
|---|---|
| Format: | Llibre |
| Idioma: | anglès |
| Publicat: |
Londres
Longman, Green, Longman and Roberts
1862
|
| Edició: | 1a. ed |
| Matèries: | |
| Etiquetes: |
Afegir etiqueta
Sense etiquetes, Sigues el primer a etiquetar aquest registre!
|
MARC
| LEADER | 00000nam a2200000 a 4500 | ||
|---|---|---|---|
| 001 | UCJ4134 | ||
| 003 | CL-VaPUC | ||
| 008 | 070124e18620500UK |||||||||||||||||eng|d | ||
| 082 | 0 | 4 | |a 910.4 |b HOP |2 21 |
| 100 | |a Hopkins, Manley |e author |9 537265 | ||
| 245 | 1 | 0 | |a Hawaii: The past, present, and future of its island kingdom. An historical account of the Sandwich Islands, Polynesia, with a preface by the Bishop of Oxford |
| 250 | |a 1a. ed | ||
| 300 | |a xxiii, 423 p | ||
| 942 | |c BK | ||
| 945 | |d 20070124 00:00:00 |a rinostro | ||
| 260 | |a Londres |b Longman, Green, Longman and Roberts |c 1862 | ||
| 500 | |a Retrato del rey Kamehameha IV, ilustraciones y mapa del archipiélago de 1862 | ||
| 600 | 0 | 7 | |a COOK, JAMES |2 CL-VaPUC |9 507146 |
| 600 | 0 | 7 | |a KAMEHAMEHA IV |2 CL-VaPUC |9 507147 |
| 650 | 0 | |a Viajes |9 257115 | |
| 650 | 0 | |a Historia |9 255047 | |
| 650 | 0 | |a Geografía |9 259346 | |
| 650 | 0 | |a Iconografía |9 267998 | |
| 650 | 0 | |a Etnología |9 258726 | |
| 650 | 0 | |a Descubrimientos geográficos |9 331933 | |
| 650 | 0 | |a Gobierno |9 255508 | |
| 650 | 7 | |a COLONIALISMO INGLES |2 CL-VaPUC |9 507148 | |
| 650 | 0 | |a Cultura |9 269059 | |
| 650 | 0 | |a Religión |9 255164 | |
| 650 | 0 | |a Misioneros |9 324171 | |
| 650 | 0 | |a Mapas |9 260844 | |
| 650 | 0 | |a Cartografía |9 266055 | |
| 651 | 7 | |a HAWAI |2 CL-VaPUC |9 339182 | |
| 651 | 7 | |a TAHITI |2 CL-VaPUC |9 266824 | |
| 651 | 7 | |a POLINESIA |2 CL-VaPUC |9 507149 | |
| 583 | |a last modification |c 20070124 00:00:00 |k Rodrigo Vera | ||
| 999 | |c 320251 |d 320249 | ||
| 952 | |0 0 |1 0 |4 0 |6 910_400000000000000_HOP_1862 |7 0 |8 X |9 398734 |a FDOBUD |b FDOBUD |d 2019-11-22 |i 1014269 |o 910.4 HOP 1862 |p 1014269 |r 2019-11-22 |w 2019-11-22 |y BK_X |k BUD | ||